| 000 | 02171nam a2200265 4500 | ||
|---|---|---|---|
| 001 | 0000023955 | ||
| 003 | CO-CtgCURN | ||
| 005 | 20250331185231.0 | ||
| 007 | ta | ||
| 008 | 160627s2005 nyu 000 0 eng d | ||
| 040 |
_aCO-CtgCURN _bspa _ccoctgcurn |
||
| 082 | 0 |
_a617.9 _bJ37 |
|
| 245 | 0 | 0 |
_aJarit : _bproduct catalog. |
| 260 |
_aNew York : _bINTEGRA, _c2005. |
||
| 300 | _avi, 777 p. | ||
| 336 | _2rdacontent | ||
| 337 |
_2rdamedia _asin mediacion _bn |
||
| 338 |
_2rdacarrier _avolumen _bnc |
||
| 500 | _aContiene indice numerico y alfabetico. | ||
| 505 | 8 | _aInstrument care and handling program -- Decontamination and sterilization procedures -- Instrument maintenance procedures -- General operating instruments -- Operating instruments -- Operating scissors -- Bandage scissors -- Carb-edge scissors -- Jarit supercut scissor -- Petit-point instruments -- Hemostats -- Towel and tube occluding forceps -- Scalpel handles -- Sponge forceps -- Sterilization trays and aids -- Needle holders -- Carb-bite needle holders and wire twisters -- Carb-bite tissue and needle forceps -- Suture instruments -- Dressing, tissue and splinter forceps -- Intestinal instruments -- Gallbladder instruments -- Goitre instruments -- Suction tubes and trocars - Anesthesia and diagnostic instruments -- Laparotomy rings, probe and dilators -- Dermal instruments - Retractors, manual -- Retractors, self-retaining -- Orthopedic instruments -- Microsurgery instruments -- Neurosurgical and spinal instruments -- Thoracic and cardiovascular instruments -- Ophthalmic instruments -- Ophthalmic instruments -- Ear and nasal instruments -- Plastic and reconstructive instruments -- Post nasal instruments -- Sinus endoscopy instrumentation -- Throat and laryngeal instruments -- Rectal and genito-urinary instruments -- Obstetrical and gynecological instruments -- Bariatric instruments -- Titanium instruments -- Endoscopic instruments -- Suggested instruments sets -- Needle holder suture guide | |
| 650 | 1 | 4 |
_aInstrumentos quirurgicos _vCatalogos. |
| 908 | _a160627 | ||
| 942 |
_cBK _h617.9 _iJ37 _2ddc |
||
| 999 |
_c23558 _d23558 |
||